Βουδδισμός : βιοθεωρία και κοσμοθεωρία

Αποθηκεύτηκε σε:
Λεπτομέρειες βιβλιογραφικής εγγραφής
Άλλοι συγγραφείς: Ζωγραφάκης, Γιώργος Κ., 1903-1991 (Επιμελητής έκδοσης)
Μορφή: Βιβλίο
Γλώσσα:Greek
Δημοσίευση: Αθήνα : Δωδώνη, 1980
Σειρά:Ινδικά κείμενα ; ; 2
Θέματα:
Ετικέτες: Προσθήκη ετικέτας
Δεν υπάρχουν, Καταχωρήστε ετικέτα πρώτοι!

MARC

LEADER 00000nam a2200000 i 4500
001 1/13462
008 980316s1980 gre d
035 |l 10019050 
040 |a GR-MY-UA  |b gre  |e aacr 
041 0 |a gre 
082 0 |a 294.3 
245 1 0 |a Βουδδισμός :  |b βιοθεωρία και κοσμοθεωρία /  |c Εισαγωγή, σχόλια, παρουσίαση κειμένων Γιώργου Ζωγραφάκη 
260 |a Αθήνα :   |b Δωδώνη,   |c 1980 
300 |a 160 σ. 
490 1 |a Ινδικά κείμενα  |v ; 2 
650 0 0 |a Buddhism. 
700 1 |a Ζωγραφάκης, Γιώργος Κ.,   |d 1903-1991.  |4 edt 
830 0 |a Ινδικά κείμενα ;  |v ; 2 
852 |a INST  |b LESVOS  |e 19980316  |h 294.3 BOY  |p 005100014683  |q 005100014683  |t BK  |y 0 
901 |a BIBL-1998-2 
909 |a Λ  |b 054229 
922 |a 1ΕΛΗ  |b 199802  |c ΚΠΣ/ΤΚΑ  |d EMVASIS 
950 |a 117-1998-01-28